000 01334nam a2200229 a 4500
003 DO-SdBNP
005 20250909140439.0
007 ta
008 220830b200? |||ao||gr|||| 001 e spa d
020 _a9789945882070
040 _aDO-SdBNP
_bspa
_cBNPHU
082 4 _222
_bD397c
110 2 _aCentro Cultural Eduardo León Jimenes
_956909
245 1 0 _aDuarte:
_bvisiones colectivas en espacios vinculados./
260 _a[Santiago de los Caballeros]
_bCentro León,
_c2013
300 _a137 p. :
_bil., forogr. ;
_c25 cm.
500 _aIncluye pié de fotos.
505 _tEncuentro de la dominicanidad en espacios interrelacionados.-- Dominicans meet in Interlinked Space. / Rafael Emilio.-- Yunén
_tDuarte: Visiones colectivas en esapcios vinculados.-- Duarte: Collective visions, Interlinked Space. / Esteban Álvarez.--
_tDecir "Duarte": Memorias y territorios.-- Say "Daurte": Memories and Territory. / Miguel D. Mena.--
_tCon permiso de Duarte.-- With permission from Duarte . / Elvia Ojeda.--
_tObras de la exposición.-- Artworsks from the exhibitión.--
_tEn la sala y más allá...-- In the exhibition hall and beyond.../ Luis Felipe Rodríguez.--
_tBiografías de los artistas.-- Artists Biographies.--
_tCréditos.-- Credits.--
600 1 0 _aDuarte, Juan Pablo,
_d1813-1876
_91494
910 _aMFeliz
942 _2ddc
_cLBS1
999 _c52337
_d52337